000 00999nam a22003377a 4500
001 2772771
003 OSt
005 20210426063728.0
008 801209s1981 nyu 000 0aeng
010 _a 80029097
020 _a0312498349 (jacket).
020 _z0312498342 :
040 _aDLC
_cDLC
_dDLC
_beng
041 _aeng
043 _ae-uk-en
050 0 0 _aSF613.H44
_bA34
080 _a821.111
_bH-58
082 0 0 _a636.089/092/4
_aB
_219
100 1 _aHerriot, James.
245 1 4 _aThe Lord God made them all /
_cby James Herriot.
_b/ by: St. Martin's Press
250 _a1st edition
260 _aNew York :
_bSt. Martin's Press
_cc1981.
300 _a373 p.
_c22 cm.
365 _b13.95 usd
600 1 0 _aHerriot, James.
650 0 _aVeterinarians
_zEngland
_zYorkshire
_xBiography.
650 0 _aEnglish literature
_9247
653 _aინგლისური ლიტერატურა
906 _a7
_bcbc
_corignew
_du
_eocip
_f19
_gy-gencatlg
942 _2udc
_cBK
_e1
999 _c1467
_d1467